000 00295nam a2200121Ia 4500
008 191201s2003 xx 000 0 und d
100 _aBRADLEY, Julia Case
245 0 _aProgramming Visual Basic .NET
260 _aN.Delhi
_bTMH
_c2003
300 _a600
650 _aB.Tech(CSE)
942 _2ddc
_cBK
999 _c2170
_d2170